Prakasam: (Record no. 18423)

MARC details
000 -LEADER
fixed length control field 00598nam a22001817a 4500
003 - CONTROL NUMBER IDENTIFIER
control field BDDh-ASL
005 - DATE AND TIME OF LATEST TRANSACTION
control field 20231015025715.0
008 - FIXED-LENGTH DATA ELEMENTS--GENERAL INFORMATION
fixed length control field 200929s1971 i ||||| b||| 001 0 eng d
040 ## - CATALOGING SOURCE
Original cataloging agency BDDh-ASL
Transcribing agency BDDh-ASL
Modifying agency BDDh-ASL
082 ## - DEWEY DECIMAL CLASSIFICATION NUMBER
Classification number 923.254
Item number CHP
100 1# - MAIN ENTRY--PERSONAL NAME
9 (RLIN) 1257
Personal name Chowdari, G. Rudrayya
245 10 - TITLE STATEMENT
Title Prakasam:
Remainder of title a political study/
Statement of responsibility, etc. by G. Rudrayya Chowdari.
260 ## - PUBLICATION, DISTRIBUTION, ETC.
Place of publication, distribution, etc. New Delhi:
Name of publisher, distributor, etc. Orient Longman,
Date of publication, distribution, etc. 1971.
300 ## - PHYSICAL DESCRIPTION
Extent xi, 237 p. :
Other physical details ills.,
Dimensions 23 cm.
504 ## - BIBLIOGRAPHY, ETC. NOTE
Bibliography, etc. note Includes bibliographical references and index.
651 #0 - SUBJECT ADDED ENTRY--GEOGRAPHIC NAME
9 (RLIN) 1263
Geographic name Prakasam (Andhra Pradesh, India)
Geographic subdivision India
942 ## - ADDED ENTRY ELEMENTS (KOHA)
Source of classification or shelving scheme Dewey Decimal Classification
Koha item type Books
Holdings
Withdrawn status Lost status Source of classification or shelving scheme Damaged status Not for loan Collection code Home library Current library Shelving location Date acquired Source of acquisition Total Checkouts Full call number Barcode Date last seen Copy number Price effective from Koha item type Public note
    Dewey Decimal Classification   Not For Loan Non-fiction Asiatic Society Library Asiatic Society Library Harrison Collection 09/29/2020 Donated by Prof. John B. Harrison   923.254 CHP 101613 09/29/2020 C-1 09/29/2020 Books RARE

Powered by Koha